Diagnostic ultrasound / (Record no. 118874)
[ view plain ]
| 000 -LEADER | |
|---|---|
| fixed length control field | 02519cam a2200241 a 4500 |
| 008 - FIXED-LENGTH DATA ELEMENTS--GENERAL INFORMATION | |
| fixed length control field | |
| 020 ## - INTERNATIONAL STANDARD BOOK NUMBER | |
| International Standard Book Number | 9780323053976 (hbk.) |
| 049 ## - LOCAL HOLDINGS (OCLC) | |
| Holding library | MAIN |
| 090 ## - LOCALLY ASSIGNED LC-TYPE CALL NUMBER (OCLC); LOCAL CALL NUMBER (RLIN) | |
| Classification number (OCLC) (R) ; Classification number, CALL (RLIN) (NR) | RC78.7.U4 |
| Local cutter number (OCLC) ; Book number/undivided call number, CALL (RLIN) | DIA |
| 003 - CONTROL NUMBER IDENTIFIER | |
| control field | |
| 005 - DATE AND TIME OF LATEST TRANSACTION | |
| control field | 20230120204209.0 |
| 040 ## - CATALOGING SOURCE | |
| Transcribing agency | NUST |
| 245 00 - TITLE STATEMENT | |
| Title | Diagnostic ultrasound / |
| Statement of responsibility, etc. | [edited by] Carol M. Rumack ... [et al.] |
| 250 ## - EDITION STATEMENT | |
| Edition statement | 4th ed. |
| 260 ## - PUBLICATION, DISTRIBUTION, ETC. | |
| Place of publication, distribution, etc. | Philadelphia, PA : |
| Name of publisher, distributor, etc. | Elsevier/Mosby, |
| Date of publication, distribution, etc. | c2011. |
| 300 ## - PHYSICAL DESCRIPTION | |
| Extent | 2 v. : |
| Other physical details | ill. ; |
| Dimensions | 28 cm. |
| 505 ## - FORMATTED CONTENTS NOTE | |
| Formatted contents note | Physics of ultrasound -- Biologic effects and safety -- Contrast agents for ultrasound -- The liver -- The spleen -- The biliary tree and gallbladder -- The pancreas -- The gastrointestinal tract -- The kidney and urinary tract -- The prostate -- The adrenal glands -- The retroperitoneum -- Dynamic ultrasound of hernias of the groin and anterior abdominal wall -- The peritoneum -- Gynecology -- Ultrasound-guided biopsy of abdomen and pelvis -- Organ transplantation -- The thyroid gland -- The parathyroid glands -- The breast -- The scrotum -- The rotator cuff -- The tendons -- Musculoskeletal interventions -- The extracranial cerebral vessels -- The peripheral arteries -- The peripheral veins -- Overview of obstetric imaging -- Bioeffects and safety of ultrasound in obstetrics -- The first trimester -- Chromosomal abnormalities -- Multifetal pregnancy -- The fetal face and neck -- The fetal brain -- The fetal spine -- The fetal chest -- The fetal heart -- The fetal abdominal wall and gastrointestinal tract -- The fetal urogenital tract -- The fetal musculoskeletal system -- Fetal hydrops -- Fetal measurements : normal and abnormal fetal growth -- Fetal surveillance : Doppler assessment of pregnancy and biophysical profile -- Sonographic evaluation of the placenta -- Cervical ultrasound and preterm birth -- Ultrasound-guided invasive fetal procedures -- Neonatal and infant brain imaging -- Doppler sonography of the neonatal and infant brain -- Doppler sonography of the brain in children -- The pediatric head and neck -- The pediatric spinal canal -- The pediatric chest -- The pediatric liver and spleen -- The pediatric kidney and adrenal glands -- The pediatric gastrointestinal tract -- Pediatric pelvic sonography -- The pediatric hip and musculoskeletal ultrasound -- Pediatric interventional sonography. |
| 650 #2 - SUBJECT ADDED ENTRY--TOPICAL TERM | |
| Topical term or geographic name entry element | Ultrasonography. |
| 650 #0 - SUBJECT ADDED ENTRY--TOPICAL TERM | |
| Topical term or geographic name entry element | Diagnostic ultrasonic imaging. |
| 700 1# - ADDED ENTRY--PERSONAL NAME | |
| Personal name | Rumack, Carol M. |
| 907 ## - LOCAL DATA ELEMENT G, LDG (RLIN) | |
| a | .b10365266 |
| b | 09-11-15 |
| c | 09-11-15 |
| 942 ## - ADDED ENTRY ELEMENTS (KOHA) | |
| Koha item type | Ordinary Loan Books |
| Call number prefix | RC78.7.U4 |
| Call number suffix | DIA |
| Date last seen | Total Checkouts | Full call number | Barcode | Cost, replacement price | Price effective from | Koha item type | Lost status | Source of classification or shelving scheme | Damaged status | Not for loan | Collection | Withdrawn status | Home library | Current library | Shelving location | Date acquired | Cost, normal purchase price |
|---|---|---|---|---|---|---|---|---|---|---|---|---|---|---|---|---|---|
| 01/20/2023 | RC78.7.DIA | 92004041238 | 80.00 | 01/20/2023 | BOOKS | lcc | NFIC | Medical | Medical | GEN | 01/20/2023 | 80.00 |